রোকেয়া হলে বিশ বছর / (Record no. 26512)
[ view plain ]
| 000 -LEADER | |
|---|---|
| fixed length control field | 00668nam a22001937a 4500 |
| 003 - CONTROL NUMBER IDENTIFIER | |
| control field | BDDh-ASL |
| 005 - DATE AND TIME OF LATEST TRANSACTION | |
| control field | 20231015030643.0 |
| 008 - FIXED-LENGTH DATA ELEMENTS--GENERAL INFORMATION | |
| fixed length control field | 211013b19911986b ||||| |||| 00| 0 b d |
| 040 ## - CATALOGING SOURCE | |
| Transcribing agency | BDDh-ASL |
| 082 ## - DEWEY DECIMAL CLASSIFICATION NUMBER | |
| Classification number | 923.79144 |
| Item number | IMR |
| 100 1# - MAIN ENTRY--PERSONAL NAME | |
| 9 (RLIN) | 4949 |
| Personal name | ইমাম, আখতার |
| 245 10 - TITLE STATEMENT | |
| Title | রোকেয়া হলে বিশ বছর / |
| 246 ## - VARYING FORM OF TITLE | |
| Title proper/short title | Rokeya Holey Bish Bachar |
| 260 ## - PUBLICATION, DISTRIBUTION, ETC. | |
| Place of publication, distribution, etc. | ঢাকা: |
| Name of publisher, distributor, etc. | জাতক, |
| Date of publication, distribution, etc. | ১৯৯১। |
| 300 ## - PHYSICAL DESCRIPTION | |
| Extent | ১৬০ পৃষ্ঠা, : |
| Dimensions | ২২ সে. মি. |
| 650 #0 - SUBJECT ADDED ENTRY--TOPICAL TERM | |
| 9 (RLIN) | 4586 |
| Topical term or geographic name entry element | History (ইতিহাস) |
| General subdivision | রোকেয়া হল |
| 650 #0 - SUBJECT ADDED ENTRY--TOPICAL TERM | |
| 9 (RLIN) | 4950 |
| Topical term or geographic name entry element | History of Rokeya Holl |
| 942 ## - ADDED ENTRY ELEMENTS (KOHA) | |
| Source of classification or shelving scheme | Dewey Decimal Classification |
| Koha item type | Books |
| Withdrawn status | Lost status | Source of classification or shelving scheme | Damaged status | Not for loan | Collection code | Home library | Current library | Shelving location | Date acquired | Source of acquisition | Total Checkouts | Full call number | Barcode | Date last seen | Copy number | Price effective from | Koha item type | Public note |
|---|---|---|---|---|---|---|---|---|---|---|---|---|---|---|---|---|---|---|
| Dewey Decimal Classification | Non-fiction | Asiatic Society Library | Asiatic Society Library | General Stacks | 10/13/2021 | Donated by Prof. (Dr.) M. Abdul Qayyum & Dr. Razia Sultana | 923.79144 IMR | 112551 | 10/13/2021 | C-1 | 10/13/2021 | Books | ||||||
| Dewey Decimal Classification | Non-fiction | Asiatic Society Library | Asiatic Society Library | General Stacks | 11/10/2021 | ASB Library Collection | 923.79144 IMR | 113998 | 11/10/2021 | C-2 | 11/10/2021 | Books | RARE |